| 000 | 00499nam a2200229Ia 4500 | ||
|---|---|---|---|
| 999 |
_c98335 _d98335 |
||
| 003 | 0100 | ||
| 005 | 20170718083627.0 | ||
| 008 | 130307s9999 xx 000 0 und d | ||
| 020 | _a1844131068 | ||
| 040 | _cARRUPELIB | ||
| 050 | _aB791.S38 1995 | ||
| 100 |
_aScruton, Roger _933083 |
||
| 245 | _aModern philosophy | ||
| 245 | _ban introduction and survey | ||
| 260 |
_bPimlico _aLondon _c1995 |
||
| 300 | _a611p. | ||
| 300 | _b24cm | ||
| 650 |
_aPhilosophy, modern _933084 |
||
| 650 |
_aPhilosophy _xIntroductions _917014 |
||
| 942 | 0 | 0 |
_03 _2lcc _cMONOGRAPH |